000 00340nam a2200157Ia 4500
001 1721
003 IN-NITTTR
005 20251114232919.0
008 251113s9999||||xx |||||||||||||| ||eng||
040 _beng
040 _cIN-NITTTR
041 _aeng
082 _a621.9 C366A
245 0 _aApplied workshop calculations /
942 _2ddc
_cBK
999 _c2422
_d2422